| 000 | 00958nam a2200205Ia 4500 | ||
|---|---|---|---|
| 003 | GCL | ||
| 008 | 140319s9999 xx 000 0 ara d | ||
| 020 | _a6747009948 | ||
| 040 |
_aGCL / _cGCL |
||
| 082 | 0 | 4 |
_a327.47016535 _bل م |
| 100 | 1 | _aلمى مضر جرئ الامارة | |
| 245 | 1 | 0 |
_aالمتغيرات الداخلية والخارجية فى روسيا الاتحادية وتاثيرها على سياستها تجاه منطقة الخليج العربى فى الفترة 1990-2003 / _cلمى مضر جرئ الامارة |
| 250 | _aالاولى | ||
| 260 |
_aالامارات : _bمركز الامارات للدراسات والبحوث الاستراتيجية ، _c2005 |
||
| 300 |
_a236ص ؛ _c24سم |
||
| 650 | 0 | 4 | _aروسيا - الاحوال السياسية |
| 650 | 0 | 4 | _aروسيا - الاحوال الاقتصادية |
| 650 | 0 | 4 | _aروسيا - العلاقات الخارجية - الخليج العربى |
| 942 |
_2ddc _cBK |
||
| 999 |
_c8652 _d8652 |
||